|
|
|
|
| LEADER |
01475nam a2200445 a 4500 |
| 001 |
nkc20091927529 |
| 003 |
CZ PrNK |
| 005 |
20181019093138.0 |
| 007 |
ta |
| 008 |
090427s2007 xr a b 000 j cze |
| 015 |
|
|
|a cnb001927529
|
| 020 |
|
|
|a 978-80-7321-371-8
|q (Fortuna Libri ;
|q váz.)
|
| 035 |
|
|
|a (OCoLC)505913968
|
| 040 |
|
|
|a OLA001
|b cze
|d ABA001
|
| 072 |
|
7 |
|a 821-93
|x Literatura pro děti a mládež (beletrie)
|2 Konspekt
|9 26
|
| 080 |
|
|
|a 821-93
|2 MRF
|
| 080 |
|
|
|a 821-32
|2 MRF
|
| 080 |
|
|
|a 636.1
|2 MRF
|
| 080 |
|
|
|a (0:82-32)
|2 MRF
|
| 100 |
1 |
|
|a Mádrová, Jitka
|7 pag2012682438
|4 aut
|
| 245 |
1 |
0 |
|a Ze života koníčků /
|c [text Jitka Mádrová a Alena Peisertová]
|
| 260 |
|
|
|a Praha :
|b [Fortuna Libri],
|c 2007
|
| 300 |
|
|
|a 115 s. :
|b barev. il. ;
|c 29 cm
|
| 490 |
1 |
|
|a Jupiter
|
| 500 |
|
|
|a Podle belgického vyd.?
|
| 500 |
|
|
|a Původní titul: Au galop de lune
|
| 500 |
|
|
|a Copyright: vydavateľstvo Junior
|
| 650 |
0 |
7 |
|a koně
|7 ph114977
|2 czenas
|
| 650 |
0 |
9 |
|a horses
|2 eczenas
|
| 655 |
|
7 |
|a příběhy
|7 fd133204
|2 czenas
|
| 655 |
|
7 |
|a publikace pro děti
|7 fd133156
|2 czenas
|
| 655 |
|
9 |
|a stories
|2 eczenas
|
| 655 |
|
9 |
|a children's literature
|2 eczenas
|
| 700 |
1 |
|
|a Peisertová, Alena
|7 jn20001005453
|4 aut
|
| 830 |
|
0 |
|a Jupiter (Fortuna Libri)
|0 s
|
| 910 |
2 |
|
|a BOA001
|b 4-1412.833
|
| 928 |
9 |
|
|a Junior
|
| 990 |
|
|
|a BK
|
| 995 |
|
|
|a 01
|
| 996 |
6 |
|
|b 2610758065
|c 4-1412.833
|l MZK
|r Sklad / do 1 hodiny
|n 0
|p dar
|w 001690868
|u 000010
|a 1
|e BOA001
|j MZK50
|s P
|